000 00515nam a2200193 a 4500
001 1769854927483
003 YourLibrary
005 20260131162125.0
008 260131s2004##################000#0#eng##
020 _a9780333971253
082 0 4 _a330.947
_bLAN
100 1 _aLandesmann, Michael A.,
_eauthor.
245 1 0 _aShaping the New Europe :
260 _bPalgrave MacMillan,
_c2004.
300 _a435 pages
650 0 _aBusiness & Economics.
942 _cENGLISH
040 _aYourLibrary
_beng
_cYourLibrary
999 _c609557
_d609557